LEADER 01477nam a2200313 a 4500 001 000000036377 003 CaOOAMICUS 005 20150616125602.0 008 980324s1957 fr fac u000 u fre r 035 $a10787121 040 $aBAV$bita$dPUL(R) 100 1 $aTeilhard de Chardin, Pierre,$cS.I.,$d1881-1955.$0(OLS)http://pul/name/8170 245 13$aLe milieu divin :$bessai de vie intérieure /$cPierre Teilhard de Chardin. 260 $aParis :$bÉditions du Seuil,$c1957. 300 $a203 p., [6] c. di tav.$bill., ritr.$c20 cm 490 1 $aOeuvres de Pierre Teilhard de Chardin ;$v04 650 4$aSpiritualismo (filosofia).$0(OLS)http://pul/subject/12032 830 0$aOeuvres de Pierre Teilhard de Chardin ;$v04.$0(OLS)http://pul/title/34053 850 $aPUL 852 $aPUL$W1$xSL Filosofia 1$y2$m90 H 10$j49839$nBK-PRI$b $qStampati$B49839$CPULBib$Z2$F49839 $H $81 852 $aPUL$W1$xDP1 Fondo S. Lanza$y121$m3 B 36$j56090$qFondi$B166771$CPULBib$Z2$F166771 $HLAN1589 $82 852 $aPUL$W1$xDP1 Fondo E. Rossi$y115$m1 T 16$j155349$a2. copia$qFondi$B154904$CPULBib$Z2$F154904 $82 941 1 $a8 941 1 $a1 961 $aINV: 33206 961 $aSul dorso collocazione ms. di E. Rossi: T 9 996 $6245$aLe milieu divin :$bessai de vie intérieure$9(OLS)http://pul/title/49764 996 $6260$aParis :$bÉditions du Seuil$9(OLS)http://pul/publisher/54032 LEADER 01491nam a2200301 a 4500 001 000000174236 003 CaOOAMICUS 005 20210203170621.0 008 210203s2020 it frm z000 u ita r 032 $aLibriCat 040 $aPUL$bita 100 1 $aManganozzi, Mauro.$0(OLS)http://pul/name/111952 245 13$aIl profeta e la crisi : $bconfronto tra l'esperienza spirituale di Geremia. Dietrich Banhoeffer e Franz Jägerstätter /$cMauro Manganozzi. 260 $aRoma :$b[s.n.],$c2020. 300 $a387 p. ;$c24 cm 502 $aTesi -- Pontificia Università Gregoriana -- Facoltà di Teologia, Istituto di Spiritualità, 2020. 504 $aBibliografia: p. [371]-379. 600 14$aBonhoeffer, Dietrich,$d1906-1945$xTeologia.$0(OLS)http://pul/subject/24143 630 04$aBiblia.$pV.T.$pIeremias.$0(OLS)http://pul/subject/7181 650 4$aJägerstätter, Franz,$d1907-1943.$0(OLS)http://pul/subject/46414 710 2 $aPontificia Università Gregoriana.$bIstituto di spiritualità$kTesi.$0(OLS)http://pul/name/40854 850 $aPUL 852 $aPUL$W1$xDP1 Tesi Pon. Univ. Gregoriana$y40$m2020 B 14$j198082$qTesi$B203156$CPULBib$Z2$F203156 $82 941 1 $a16 960 $aBibbia.$aV. T.$aGeremia$97181 996 $6245$aIl profeta e la crisi : $bconfronto tra l'esperienza spirituale di Geremia. Dietrich Banhoeffer e Franz Jägerstätter$9(OLS)http://pul/title/215464 996 $6260$aRoma :$b[s.n.]$9(OLS)http://pul/publisher/47958